00361pab a2200133 454500008004000000100002400040245005900064260000900123300001300132362001000145650001800155650002000173773003400193180718b2004 xxu||||| |||| 00| 0 eng d aBanerjee, Madhulika aLocal knowledge for world market: globalising Ayurveda c2004 ap.89-93. a3 Jan aGlobalization aHealth services aEconomic and Political Weekly